00612nam a22001697a 450000500170000001000150001702000260003203500140005803700130007208200120008510000290009724501510012625000090027726000450028627000670033130000440039820210809121119.0 aENG-129687 c895.00a9780199489923 aEN-113219 bDBAD/PUB a027.054 aBhattacharya, Sabyasachi aArchiving the British Raj:bHistory of the Archival Policy of the Government of India With Selected Documents, 1858-1947/cSabyasachi Bhattacharya a2019 aNew DelhibOxford University Pressc2019 a2/11 Ground floor, Ansari Road, Darya ganj,bNew Delhie110002 a226 p.c22cm(hbk)bBibiliography, Index